000 00303nam a22001337a 4500
008 171009b xxu||||| |||| 00| 0 eng d
020 _a2900205327712
041 _aeng
080 _a159.9
100 _a49
101 _aPSI
245 _aRESEARCH METHODS A TOOL FOR LIFE
_cBEINS,A.C
942 _2udc
_cBK
999 _c32632
_d32632